000 00678nam a2200241Ia 4500
003 OSt
005 20220928114804.0
006 a|||||r|||| 00| 0
007 ta
008 220927b |||||||| |||| 00| 0 eng d
020 _a071901090X
024 _a82745
037 _cTextual
040 _aSDCL
_cSDCL
_beng
041 _2eng
_aeng
082 _aA0aQ7, M4
100 _aZIUADDIN SARDAR
_9440813
245 0 _aThe touch of midas
_b Science,values and environment in islam nad the west
260 _aManchester
_bManchster University UK
_c1984
300 _ax,253p.
_ccm.
942 _hA0aQ7, M4
_cTEXL
_2CC
999 _c756338
_d756338